Nepřímý vliv krize hypotečních úvěrů přibrzdí růst regionu

Spomalenie hospodárskeho rastu vo strednej a východnej Európe. Situácia v bankovom sektore v oblasti úverov. Dopyt po úveroch v cudzej mene. Rast vkladov je menší ako rast úverov.

Salvato in:
Dettagli Bibliografici
Natura: Capitolo di libro
Lingua:ceco
Soggetti:
Tags: Aggiungi Tag
Nessun Tag, puoi essere il primo ad aggiungerne!!

MARC

LEADER 00000naa$a2200000$$$4500
001 0081418
005 20231010095425.8
041 0 |a cze 
044 |a CZ 
245 1 0 |a Nepřímý vliv krize hypotečních úvěrů přibrzdí růst regionu 
520 |a Spomalenie hospodárskeho rastu vo strednej a východnej Európe. Situácia v bankovom sektore v oblasti úverov. Dopyt po úveroch v cudzej mene. Rast vkladov je menší ako rast úverov. 
610 2 0 |a banky 
610 2 0 |a úver 
610 2 0 |a Európa 
610 2 0 |a rast hospodársky